000 01176nam a22003617a 4500
003 CHAP
005 20220329133049.0
008 971013s1990 r 00010 d
010 _a1748
011 _a2720
035 _a1916
040 _cCHAP
090 _aTesis
100 0 0 _aLuna García, Refugio.
_969052
245 _aProducción y consumo de carbón en el estado de Chihuahua
260 _aChapingo, Méx. :
_bEl autor,
_c1990
300 _a60 h.
_b: ilus; mapas
500 _aD43-22
502 _aTesis (Ing. Agr. Esp. en Bosques) -- UACH. División de Ciencias Forestales
590 _aALEPH
_b10
_c20130110
_lUCH01
_h1209
590 _aBATCH-UPD
_b10
_c20130110
_lUCH01
_h0035
590 _aBATCH-UPD
_b10
_c20130110
_lUCH01
_h2129
590 _aBATCH-UPD
_b10
_c20130409
_lUCH01
_h2018
590 _aBATCH-UPD
_b10
_c20130410
_lUCH01
_h1438
590 _aBATCH-UPD
_b10
_c20130914
_lUCH01
_h0842
590 _aCONVERSION
_b10
_c20130109
_lUCH01
_h1302
650 1 4 _aCarbón como combustible.
_918853
650 1 4 _aCarbón vegetal.
_918858
650 1 4 _aCarbón
_xChihuahua.
_918839
901 _aBK
942 _cTESIS
949 _bBC
_cTES
_d-11411
_eTS1
_h23401
_i1916
_si
999 _c1748
_d1748